000 01087nam a22003137a 4500
003 CHAP
005 20220329134230.0
008 971013s1981 r 00010 d
010 _a17342
011 _a18314
035 _a22399
040 _cCHAP
082 _a546
_bH8Y 1978
100 0 0 _aHuheey, James E.
_956818
245 _aQuímica inorgánica
_b: principios de estructura y reactividad
260 _aMéxico, D.F. :
_bHarla,
_c1981
300 _a950 p.
_b: gráfs.
500 _aTrad. de la 2 ed. en Inglés de 1978
590 _aBATCH-UPD
_b10
_c20130110
_lUCH01
_h1715
590 _aBATCH-UPD
_b10
_c20130410
_lUCH01
_h1100
590 _aBATCH-UPD
_b10
_c20130914
_lUCH01
_h1626
590 _aCONVERSION
_b10
_c20130109
_lUCH01
_h1311
650 1 4 _aQuímica inorgánica.
_993593
901 _aBK
942 _cLIBRO
949 _a546 H8Y 1978
_bBC
_cLIBRO
_d-52411
_eLIBRO
_gI.126086
_h65301
_i22399
_si
949 _a546 H8Y 1978
_bBC
_cLIBRO
_d-52412
_eLIBRO
_fc.2
_gI. 126087
_h65302
_i22399
_si
949 _a546 H8Y 1978
_bBC
_cLIBRO
_d33724000391694
_eLIBRO
_fc.3
_gI.126088
_h65303
_i22399
_si
999 _c17342
_d17342